00378nam a2200109Ia 4500008004100000020001500041245008000056260003900136300004900175440002500224999001900249150220s9999 xx 000 0 und d a059048656X aChapter by chapter :bwe are always adding to our life story /cScholastic. aNew York :bScholastic Inc.,c1996 a120 pages :bColored, Illustration ;c28 cm. aLiteracy Sourcebook. c283085d283085